00776nam a2200181 a 4500008004100000020001500041050001500056100001700071245007200088260012100160300002000281350000900301650001900310650000900329995010800338999001700446952013100463101004s1995 ||||||||||||||||| || u a0962218103 aTA 420 Sia aSiau, John F10aWood: influence of moisture on physical propertiescby John F. Siau aNew York:bDepartment of Wood Science and Forest Products, Virginia Polytechnic institute and State Universityc1995 avii, 227p.: ill a0.00 aWOOD--MOISTURE aWOOD D0.00FCBU-MAIN LIBRARY (Kitwe)H1I0.00M1UAVAILABLEWOct 7, 2010ZMain Library Open Access Collection c61887d61887 00102lcc4070a001b001cMain Library Open Access Collectiond2022-11-30l0oTA 420 Siap741693r2022-11-30w2022-11-30y002